000
00339nam a2200145Ia 4500
008
230718s9999 xx 000 0 und d
041
_a
Eng.
082
_a
346.034
_b
ABI-L
100
_a
Abid S. A.
245
0
_a
Land Aquisition Act, 1849
260
_a
Pakistan
_b
Mamn 2009 law back
_c
1894
300
_a
194
650
_a
Law
999
_c
26605
_d
26605